| 000 | 00451nam a2200193Ia 4500 | ||
|---|---|---|---|
| 008 | 170918s9999 xx 000 0 und d | ||
| 020 | _a9780439176910 | ||
| 050 | _bB993 1970 | ||
| 100 | _aByars, Betsy | ||
| 245 | 4 | _aThe summer of the swans / | |
| 245 | _cBetsy Byars. | ||
| 260 | _aNew York : | ||
| 260 | _bScholastic, | ||
| 260 | _c1970 | ||
| 300 | _a129 pages : | ||
| 300 | _bcolored illustration ; | ||
| 300 | _c19cm. | ||
| 500 | _a830 | ||
| 999 |
_c342123 _d342123 |
||